[Event "XXVII Festival Isola d'Elba A"]
[Site "Capoliveri ITA"]
[Date "2009.05.??"]
[Round "5"]
[White "Bardelli, Alberto"]
[Black "Schaberg, Wolfgang"]
[Result "1/2-1/2"]
[WhiteElo "1802"]
[BlackElo "1982"]
[PlyCount "68"]
[EventDate "2009.05.10"]

1. e4 c5 2. Nf3 Nc6 3. d4 cxd4 4. Nxd4 Nf6 5. Nc3 d6 6. Bc4 a6 7. Bb3 e6 8. Be3
Be7 9. Qe2 Qc7 10. O-O-O Nxd4 11. Rxd4 b5 12. g4 e5 13. Rd2 Bxg4 14. f3 Be6 15.
Qg2 g6 16. h4 h5 17. Bxe6 fxe6 18. Qxg6+ Kd7 19. Qg3 Kc8 20. Qh3 Qd7 21. Rg1
Kc7 22. Rg7 Rhg8 23. Rdg2 Rxg7 24. Rxg7 Rg8 25. Rf7 Rf8 26. Rg7 Rg8 27. Rxg8
Nxg8 28. Qg3 Qd8 29. f4 exf4 30. Bxf4 Qf8 31. e5 d5 32. Qe3 Bc5 33. Qd2 Ne7 34.
Ne2 Ng6 1/2-1/2

[Event "XXVII Festival Isola d'Elba A"]
[Site "Capoliveri ITA"]
[Date "2009.05.??"]
[Round "5"]
[White "Cacinschi, Alexandru"]
[Black "Ricci, Alfredo"]
[Result "1-0"]
[WhiteElo "1949"]
[BlackElo "2024"]
[PlyCount "105"]
[EventDate "2009.05.10"]

1. e4 c5 2. Nf3 e6 3. d4 cxd4 4. Nxd4 a6 5. c4 Qc7 6. a3 Nf6 7. Nc3 b6 8. Be3
Bb7 9. f3 d6 10. Be2 Be7 11. O-O O-O 12. Rc1 Nbd7 13. Nb1 Rac8 14. Qe1 Rfe8 15.
Nd2 Qb8 16. Qg3 d5 17. Qxb8 Rxb8 18. cxd5 exd5 19. Nc6 Bxc6 20. Rxc6 Bc5 21.
Bxc5 bxc5 22. b3 c4 23. bxc4 Rb2 24. cxd5 Rxd2 25. Bxa6 Ra2 26. Bb5 Rxa3 27.
Rc7 Rd8 28. Rfc1 Raa8 29. Bc6 Rac8 30. d6 Nf8 31. e5 Nh5 32. Bd5 Rxc7 33. dxc7
Rc8 34. Bb7 Rxc7 35. Rxc7 Nf4 36. Be4 g6 37. g3 N4e6 38. Ra7 Nc5 39. Bd5 Nfe6
40. Bxe6 Nxe6 41. f4 Kg7 42. Kf2 Kf8 43. Ke3 h5 44. h3 Nc5 45. g4 hxg4 46. hxg4
Ke8 47. f5 gxf5 48. gxf5 Nd7 49. Rxd7 Kxd7 50. Kd4 Kd8 51. Kd5 Kd7 52. f6 Kd8
53. Kd6 1-0

[Event "XXVII Festival Isola d'Elba A"]
[Site "Capoliveri ITA"]
[Date "2009.05.??"]
[Round "5"]
[White "Colombo, Paolo"]
[Black "Bossoni, Mario"]
[Result "1-0"]
[WhiteElo "2138"]
[BlackElo "1973"]
[PlyCount "57"]
[EventDate "2009.05.10"]

1. d4 Nf6 2. Nf3 d5 3. e3 Bf5 4. Bd3 Bxd3 5. Qxd3 c6 6. Nbd2 e6 7. e4 dxe4 8.
Nxe4 Nxe4 9. Qxe4 Nd7 10. Bg5 Be7 11. Bxe7 Qxe7 12. O-O Nf6 13. Qe2 O-O 14.
Rfe1 Rfd8 15. Rad1 Rac8 16. c4 Qc7 17. h3 h6 18. b3 c5 19. Qe3 cxd4 20. Rxd4
Qa5 21. Re2 Rxd4 22. Nxd4 Rd8 23. Nf3 Rd1+ 24. Kh2 Qh5 25. Qxa7 Qf5 26. Qxb7
Qb1 27. Ne5 Rh1+ 28. Kg3 Nh5+ 29. Kh4 1-0

[Event "XXVII Festival Isola d'Elba A"]
[Site "Capoliveri ITA"]
[Date "2009.05.??"]
[Round "5"]
[White "Evangelisti, Claudio R."]
[Black "Codenotti, Marco"]
[Result "1/2-1/2"]
[WhiteElo "2260"]
[BlackElo "2035"]
[PlyCount "40"]
[EventDate "2009.05.10"]

1. c4 Nf6 2. Nf3 e6 3. d4 b6 4. Nc3 Bb7 5. Bg5 Bb4 6. e3 O-O 7. Bd3 c5 8. O-O
Bxc3 9. bxc3 h6 10. Bh4 d6 11. Nd2 Nbd7 12. f4 Qc7 13. e4 e5 14. fxe5 dxe5 15.
Bxf6 Nxf6 16. Rxf6 gxf6 17. Qg4+ Kh7 18. Qf5+ Kg7 19. Qg4+ Kh7 20. Qf5+ Kg7
1/2-1/2

[Event "XXVII Festival Isola d'Elba A"]
[Site "Capoliveri ITA"]
[Date "2009.05.??"]
[Round "5"]
[White "Giacometto, Mario"]
[Black "Scipioni, Gaetano"]
[Result "0-1"]
[WhiteElo "1974"]
[BlackElo "2060"]
[PlyCount "60"]
[EventDate "2009.05.10"]

1. e4 d6 2. d4 g6 3. Nc3 Bg7 4. Bg5 a6 5. a4 c6 6. a5 h6 7. Be3 Nd7 8. f4 e5 9.
Nf3 Qe7 10. Qd2 Ngf6 11. Be2 Ng4 12. fxe5 Nxe3 13. Qxe3 dxe5 14. d5 O-O 15. O-O
Qc5 16. Qxc5 Nxc5 17. b4 Nd7 18. d6 Rd8 19. Na4 Nf6 20. Nb6 Rb8 21. Nxc8 Rbxc8
22. Nxe5 Nxe4 23. d7 Rc7 24. Nxf7 Rdxd7 25. Rae1 Nd2 26. Bg4 Nxf1 27. Bxd7 Rxd7
28. Nxh6+ Bxh6 29. Kxf1 Kf7 30. Re4 Rd1+ 0-1

[Event "XXVII Festival Isola d'Elba A"]
[Site "Capoliveri ITA"]
[Date "2009.05.??"]
[Round "5"]
[White "Guerrini, Donato"]
[Black "Picone, Franco"]
[Result "1/2-1/2"]
[WhiteElo "2032"]
[BlackElo "1886"]
[PlyCount "20"]
[EventDate "2009.05.10"]

1. Nf3 d5 2. g3 Nf6 3. Bg2 e6 4. d3 c5 5. Nbd2 Nc6 6. c4 Be7 7. O-O O-O 8. a3
a5 9. b3 d4 10. Bb2 Rb8 1/2-1/2

[Event "XXVII Festival Isola d'Elba A"]
[Site "Capoliveri ITA"]
[Date "2009.05.??"]
[Round "5"]
[White "Horton-Kitchlew, Andrew"]
[Black "Pepino, Enrico"]
[Result "0-1"]
[WhiteElo "2052"]
[BlackElo "2148"]
[PlyCount "74"]
[EventDate "2009.05.10"]

1. e4 c5 2. Bc4 Nc6 3. Nf3 d6 4. Nc3 Nf6 5. d3 e6 6. Bf4 Be7 7. Bb3 O-O 8. a3
a6 9. h3 b5 10. g4 Bb7 11. Ne2 e5 12. Bd2 Nd4 13. Nfxd4 exd4 14. Nf4 c4 15. Ba2
d5 16. e5 Nd7 17. e6 Nc5 18. Qe2 Bd6 19. O-O-O c3 20. exf7+ Rxf7 21. Nxd5 cxd2+
22. Kb1 Kh8 23. Rhf1 Rf8 24. f4 Re8 25. Qxd2 Bf8 26. c4 dxc3 27. Nxc3 Qd6 28.
f5 Rad8 29. d4 Ne4 30. Nxe4 Bxe4+ 31. Ka1 Bd5 32. g5 Bxa2 33. Kxa2 Qd5+ 34. Ka1
b4 35. a4 Qb3 36. Kb1 Qxa4 37. Qd3 b3 0-1

[Event "XXVII Festival Isola d'Elba A"]
[Site "Capoliveri ITA"]
[Date "2009.05.??"]
[Round "5"]
[White "Mazzetta, Renato"]
[Black "Petrolo, Mauro"]
[Result "1/2-1/2"]
[WhiteElo "1907"]
[BlackElo "1946"]
[PlyCount "21"]
[EventDate "2009.05.10"]

1. e4 e5 2. Nc3 Nf6 3. g3 Bc5 4. Bg2 O-O 5. d3 a6 6. Nge2 d6 7. h3 Nc6 8. O-O
h6 9. Kh2 Nh7 10. f4 exf4 11. Nxf4 1/2-1/2

[Event "XXVII Festival Isola d'Elba A"]
[Site "Capoliveri ITA"]
[Date "2009.05.??"]
[Round "5"]
[White "Molina, Fabrizio"]
[Black "Ljubisavljevic, Zivojin Z."]
[Result "0-1"]
[WhiteElo "2240"]
[BlackElo "2278"]
[PlyCount "100"]
[EventDate "2009.05.10"]

1. Nf3 g6 2. c4 c5 3. d4 cxd4 4. Qxd4 Nf6 5. Nc3 Nc6 6. Qf4 Bg7 7. e4 d6 8. Be2
O-O 9. Qh4 Be6 10. O-O Rc8 11. Bh6 Qb6 12. b3 Nd4 13. Nxd4 Qxd4 14. Bxg7 Kxg7
15. Rac1 a6 16. Rfd1 Qe5 17. f4 Qc5+ 18. Kh1 b5 19. g4 b4 20. g5 Ng8 21. Nd5
Bxd5 22. exd5 Qe3 23. Qg4 f6 24. Rf1 fxg5 25. fxg5 h5 26. Qg2 a5 27. Bf3 Rf5
28. Rce1 Qxg5 29. Qe2 Re5 30. Qb2 Rf8 31. Rxe5 Qxe5 32. Qxe5+ dxe5 33. c5 e4
34. Bg2 Nf6 35. Re1 Nxd5 36. Bxe4 e6 37. Bd3 Rc8 38. Bc4 Rxc5 39. Rxe6 Nc3 40.
Bd3 Rg5 41. h4 Rg4 42. Re5 Rxh4+ 43. Kg2 Rg4+ 44. Kf3 a4 45. bxa4 Nxa4 46. Ra5
Nc3 47. Ra6 Kh6 48. Bf5 Rg1 49. Kf2 Rg5 50. Bd3 h4 0-1

[Event "XXVII Festival Isola d'Elba A"]
[Site "Capoliveri ITA"]
[Date "2009.05.13"]
[Round "5"]
[White "Ortega, Lexy"]
[Black "Cordara, Michele"]
[Result "1-0"]
[WhiteElo "2442"]
[BlackElo "2093"]
[PlyCount "55"]
[EventDate "2009.05.10"]

1. d4 Nf6 2. Nf3 d5 3. c4 e6 4. e3 Be7 5. Nc3 O-O 6. Bd3 dxc4 7. Bxc4 c5 8. O-O
cxd4 9. exd4 Qc7 10. Qe2 a6 11. a4 Nc6 12. Bg5 Rd8 13. Rad1 Nd5 14. Bc1 Nxc3
15. bxc3 Na5 16. Bd3 Bd7 17. Ne5 Be8 18. Bf4 Qxc3 19. Bxh7+ Kxh7 20. Rd3 Qxd3
21. Qxd3+ Kg8 22. h4 Bxa4 23. h5 Nc6 24. h6 Nxe5 25. Bxe5 Bg5 26. Bxg7 Bf4 27.
Qf3 Bd6 28. Bf6 1-0

[Event "XXVII Festival Isola d'Elba A"]
[Site "Capoliveri ITA"]
[Date "2009.05.??"]
[Round "5"]
[White "Paleologu, Vladimir"]
[Black "Schiappoli, Dario"]
[Result "1-0"]
[WhiteElo "2191"]
[BlackElo "1959"]
[PlyCount "63"]
[EventDate "2009.05.10"]

1. e4 c5 2. a3 g6 3. d4 cxd4 4. c3 d3 5. Bxd3 Bg7 6. Nf3 Qc7 7. O-O d6 8. Be3
Nf6 9. Qd2 Nbd7 10. b4 Ng4 11. Bd4 Bh6 12. Qe1 e5 13. h3 exd4 14. hxg4 Ne5 15.
Bb5+ Kf8 16. cxd4 Nxg4 17. Nc3 Be6 18. d5 Rc8 19. dxe6 Qxc3 20. Bd7 Ke7 21.
Bxc8 Rxc8 22. Qxc3 Rxc3 23. exf7 Rc2 24. Nd4 Rb2 25. Rad1 a6 26. Rd3 Kxf7 27.
Rg3 Nf6 28. Rc3 Nxe4 29. Rc7+ Kf6 30. Rxh7 Bf4 31. Rxb7 Be5 32. Nf3 1-0

[Event "XXVII Festival Isola d'Elba A"]
[Site "Capoliveri ITA"]
[Date "2009.05.??"]
[Round "5"]
[White "Paolinelli, Giacomo"]
[Black "Novelli, Cristiano"]
[Result "1-0"]
[WhiteElo "2171"]
[BlackElo "2099"]
[PlyCount "43"]
[EventDate "2009.05.10"]

1. e4 c5 2. Nc3 Nc6 3. g3 g6 4. Bg2 Bg7 5. d3 d6 6. Be3 Bd7 7. Qd2 Qc8 8. f4 b5
9. Nf3 b4 10. Nd1 h5 11. h3 a5 12. a3 a4 13. Qf2 Nh6 14. c3 Na5 15. Qc2 Nb3 16.
Rb1 d5 17. exd5 Bf5 18. c4 bxa3 19. bxa3 Na1 20. Qe2 O-O 21. Ne5 Bxe5 22. fxe5
1-0

[Event "XXVII Festival Isola d'Elba A"]
[Site "Capoliveri ITA"]
[Date "2009.05.??"]
[Round "6"]
[White "Acunzo, Domenico"]
[Black "Giacometto, Mario"]
[Result "1-0"]
[WhiteElo "1830"]
[BlackElo "1974"]
[PlyCount "105"]
[EventDate "2009.05.10"]

1. e4 e6 2. d4 d5 3. Nc3 Bb4 4. e5 Ne7 5. Qg4 O-O 6. h4 c5 7. a3 Bxc3+ 8. bxc3
Nbc6 9. Ne2 f5 10. Qf3 Bd7 11. Be3 c4 12. Nf4 Qa5 13. Bd2 Qa4 14. Qd1 Kh8 15.
h5 Ng8 16. Ng6+ hxg6 17. hxg6+ Nh6 18. Bxh6 Kg8 19. Bxg7 Qa5 20. Qd2 f4 21. Bf6
Rxf6 22. exf6 e5 23. dxe5 Nxe5 24. g7 Ng6 25. Be2 Re8 26. Kf1 Re6 27. Bg4 Rxf6
28. Bxd7 Kxg7 29. Bg4 Qd8 30. Qd4 Qd6 31. Bf3 Ne7 32. Rh5 Kg6 33. a4 Nf5 34.
Rxf5 Rxf5 35. Rd1 Re5 36. Bxd5 Qc7 37. Bxc4 Qb8 38. Bd3+ Kh5 39. Rb1 b6 40. Qd7
Qf8 41. Qh3+ Kg5 42. Rb5 Rxb5 43. axb5 Qa3 44. Qf5+ Kh4 45. Qxf4+ Kh5 46. g4+
Kh4 47. g5+ Kh5 48. Be2+ Kg6 49. Qf6+ Kh7 50. Bd3+ Kg8 51. g6 Qc1+ 52. Ke2 Qh6
53. Bc4# 1-0

[Event "XXVII Festival Isola d'Elba A"]
[Site "Capoliveri ITA"]
[Date "2009.05.??"]
[Round "6"]
[White "Codenotti, Marco"]
[Black "Molina, Fabrizio"]
[Result "1/2-1/2"]
[WhiteElo "2035"]
[BlackElo "2240"]
[PlyCount "78"]
[EventDate "2009.05.10"]

1. e4 e6 2. d4 d5 3. Nd2 Be7 4. Ngf3 Nf6 5. e5 Nfd7 6. Bd3 c5 7. c3 Nc6 8. O-O
g5 9. dxc5 Ndxe5 10. Nxe5 Nxe5 11. Nb3 Nxd3 12. Qxd3 e5 13. Qe2 f6 14. Qh5+ Kd7
15. Rd1 Kc7 16. Qf7 Rf8 17. Qxh7 Bg4 18. f3 Qd7 19. Qd3 Be6 20. Be3 Rh8 21. Na5
Qa4 22. b4 Rh4 23. Bf2 Rh6 24. Nb3 f5 25. Nd2 Rah8 26. Nf1 f4 27. Re1 Bf6 28.
Bd4 exd4 29. Rxe6 dxc3 30. Qxd5 Rd8 31. Rd6 c2 32. Re1 Qxb4 33. Rxd8 Bxd8 34.
Rc1 Rc6 35. Rxc2 Bf6 36. Qf7+ Kb8 37. Qf8+ Kc7 38. Qf7+ Kc8 39. Qf8+ Kc7
1/2-1/2

[Event "XXVII Festival Isola d'Elba A"]
[Site "Capoliveri ITA"]
[Date "2009.05.??"]
[Round "6"]
[White "Cordara, Michele"]
[Black "Evangelisti, Claudio R."]
[Result "1/2-1/2"]
[WhiteElo "2093"]
[BlackElo "2260"]
[PlyCount "23"]
[EventDate "2009.05.10"]

1. Nf3 Nf6 2. c4 e6 3. g3 d5 4. Bg2 c5 5. O-O Be7 6. d3 O-O 7. Nc3 Nc6 8. e4 b6
9. exd5 exd5 10. Nxd5 Nxd5 11. cxd5 Nb4 12. d4 1/2-1/2

[Event "XXVII Festival Isola d'Elba A"]
[Site "Capoliveri ITA"]
[Date "2009.05.??"]
[Round "6"]
[White "Ljubisavljevic, Zivojin Z."]
[Black "Facchetti, Gianni"]
[Result "1/2-1/2"]
[WhiteElo "2278"]
[BlackElo "2174"]
[PlyCount "65"]
[EventDate "2009.05.10"]

1. d4 Nf6 2. c3 d6 3. Bf4 Nbd7 4. Nf3 Nh5 5. Bg5 h6 6. Bh4 g5 7. Bg3 Nxg3 8.
hxg3 Bg7 9. e3 c6 10. Nbd2 d5 11. c4 e6 12. cxd5 exd5 13. Bd3 Qe7 14. Qb3 a5
15. a4 Qb4 16. Ke2 Qxb3 17. Nxb3 Nf6 18. Ne5 Ng4 19. Nxg4 Bxg4+ 20. f3 Bc8 21.
g4 O-O 22. Bf5 Re8 23. Kd3 Bf8 24. Rac1 Kg7 25. Nc5 Bxc5 26. Rxc5 Be6 27. e4
dxe4+ 28. fxe4 Bb3 29. Ra1 Red8 30. Kc3 Be6 31. Re5 Rd6 32. Rd1 b6 33. Rd3
1/2-1/2

[Event "XXVII Festival Isola d'Elba A"]
[Site "Capoliveri ITA"]
[Date "2009.05.??"]
[Round "6"]
[White "Novelli, Cristiano"]
[Black "Bossoni, Mario"]
[Result "1/2-1/2"]
[WhiteElo "2099"]
[BlackElo "1973"]
[PlyCount "49"]
[EventDate "2009.05.10"]

1. e4 c5 2. Nc3 e6 3. Nge2 d5 4. exd5 exd5 5. d4 Nf6 6. Bg5 Be7 7. Qd2 O-O 8.
O-O-O c4 9. g3 Nbd7 10. Bg2 Qa5 11. Bxf6 Bxf6 12. Bxd5 Nb6 13. Bg2 Bg4 14. Rhe1
Rad8 15. f3 Be6 16. h4 Rd7 17. Kb1 Be7 18. Nf4 Bb4 19. Nxe6 fxe6 20. Qe3 Bxc3
21. Qxc3 Qxc3 22. bxc3 Nd5 23. Bh3 Nxc3+ 24. Kc1 Kh8 25. Bxe6 1/2-1/2

[Event "XXVII Festival Isola d'Elba A"]
[Site "Capoliveri ITA"]
[Date "2009.05.14"]
[Round "6"]
[White "Paleologu, Vladimir"]
[Black "Ortega, Lexy"]
[Result "0-1"]
[WhiteElo "2191"]
[BlackElo "2442"]
[PlyCount "112"]
[EventDate "2009.05.10"]

1. e4 c5 2. Nf3 e6 3. d4 cxd4 4. Nxd4 a6 5. Bd3 Bc5 6. Nb3 Ba7 7. O-O Nc6 8.
Qg4 Nf6 9. Qxg7 Rg8 10. Qh6 Ne5 11. Kh1 Rg6 12. Qh4 Nfg4 13. Qxd8+ Kxd8 14. Be3
Bxe3 15. fxe3 Nxe3 16. Rf2 Nd1 17. Rd2 Nxb2 18. Nc3 b6 19. Rb1 Nbc4 20. Rf2 Na3
21. Rbf1 Rg7 22. Nb1 Nxb1 23. Rxb1 Kc7 24. Nd2 Bb7 25. Rbf1 Rag8 26. Nf3 Nxf3
27. gxf3 Rg5 28. c4 h6 29. Rb2 Bc6 30. Rfb1 f5 31. Rxb6 fxe4 32. fxe4 Ra5 33.
R6b2 Ra3 34. Rb3 Rxa2 35. Rg1 Rf8 36. Rg2 Ra1+ 37. Rg1 Rxg1+ 38. Kxg1 Rf3 39.
Bc2 Rxb3 40. Bxb3 Bxe4 41. Kf2 e5 42. Ke3 Bf5 43. Kd2 Kb6 44. Kc3 Kc5 45. Ba2
d6 46. Bb3 Be6 47. Ba2 a5 48. Bb3 Bf7 49. h3 Be6 50. h4 Bf7 51. Ba2 a4 52. Kd3
Bg6+ 53. Kc3 Bf5 54. Kb2 Kb4 55. Ka1 e4 56. Kb2 e3 0-1

[Event "XXVII Festival Isola d'Elba A"]
[Site "Capoliveri ITA"]
[Date "2009.05.??"]
[Round "6"]
[White "Pepino, Enrico"]
[Black "Colombo, Paolo"]
[Result "1-0"]
[WhiteElo "2148"]
[BlackElo "2138"]
[PlyCount "107"]
[EventDate "2009.05.10"]

1. e4 d6 2. d4 Nf6 3. Nc3 c6 4. f4 Qa5 5. Bd3 e5 6. Nf3 Nbd7 7. O-O Be7 8. Kh1
O-O 9. Qe1 Qc7 10. a4 Re8 11. Bd2 exd4 12. Nxd4 Nc5 13. Qg3 Bf8 14. Rae1 Bd7
15. b4 Nxd3 16. cxd3 Nh5 17. Qf3 Nf6 18. h3 Qb6 19. Nc2 Be6 20. a5 Qc7 21. Nd4
c5 22. Nxe6 fxe6 23. b5 Nd7 24. e5 d5 25. a6 bxa6 26. bxa6 Rab8 27. Rb1 Qc6 28.
Rxb8 Rxb8 29. Re1 g6 30. f5 gxf5 31. Bg5 Bg7 32. Bf6 Nf8 33. Qg3 Qd7 34. Ne2
Ng6 35. h4 Rb4 36. d4 Kh8 37. h5 Nf8 38. h6 Bxf6 39. exf6 Ng6 40. dxc5 e5 41.
Rc1 Kg8 42. c6 Qc7 43. Qc3 Rh4+ 44. Kg1 Rc4 45. Qd2 Qxc6 46. Rb1 Kf7 47. Qg5
Qxf6 48. Rb7+ Ke6 49. Qd2 e4 50. Rxa7 Qa1+ 51. Kh2 Ne5 52. Nf4+ Kf6 53. Nxd5+
Kg6 54. Rg7+ 1-0

[Event "XXVII Festival Isola d'Elba A"]
[Site "Capoliveri ITA"]
[Date "2009.05.??"]
[Round "6"]
[White "Picone, Franco"]
[Black "Cacinschi, Alexandru"]
[Result "0-1"]
[WhiteElo "1886"]
[BlackElo "1949"]
[PlyCount "104"]
[EventDate "2009.05.10"]

1. d4 e6 2. Bf4 c5 3. e3 d5 4. Nf3 Nc6 5. c3 Nf6 6. Nbd2 Be7 7. Bd3 Bd7 8. Ne5
a6 9. a4 Qb6 10. Qb1 Rc8 11. O-O Nxe5 12. Bxe5 h6 13. a5 Qd8 14. e4 Bc6 15.
Bxf6 gxf6 16. exd5 Bxd5 17. c4 Bxg2 18. Kxg2 Qxd4 19. Rg1 Qg4+ 20. Kh1 Qf4 21.
Ne4 Qf3+ 22. Rg2 Rd8 23. Ra3 Qf4 24. Qe1 f5 25. Ng3 Qd4 26. Qc3 Qxc3 27. Rxc3
Bf6 28. Rb3 Rd7 29. f4 Bd8 30. Nh5 Ke7 31. Re2 Rg8 32. Ng3 Kf8 33. Nh5 Ke7 34.
Bc2 Bxa5 35. Rd3 Rg6 36. Rxd7+ Kxd7 37. Rg2 Bc7 38. Kg1 b5 39. cxb5 axb5 40.
Kf2 Kc6 41. Kf3 c4 42. Rxg6 fxg6 43. Ng3 g5 44. Ne2 gxf4 45. Nd4+ Kd5 46. Nxb5
Bb6 47. Nc3+ Kc5 48. h4 Bc7 49. h5 Be5 50. Bb1 Kb4 51. Ne2 Kb3 52. Nxf4 Bxf4
0-1

[Event "XXVII Festival Isola d'Elba A"]
[Site "Capoliveri ITA"]
[Date "2009.05.??"]
[Round "6"]
[White "Pulito, Alberto"]
[Black "Paolinelli, Giacomo"]
[Result "1-0"]
[WhiteElo "2256"]
[BlackElo "2171"]
[PlyCount "93"]
[EventDate "2009.05.10"]

1. e4 e5 2. d4 exd4 3. Qxd4 Nc6 4. Qe3 g6 5. Nc3 Bg7 6. Nf3 Nge7 7. Bc4 O-O 8.
a3 d6 9. O-O Bg4 10. Ba2 Qd7 11. h3 Be6 12. Nd5 Rae8 13. Qf4 Bxd5 14. exd5 Ne5
15. Nxe5 dxe5 16. Qf3 Nf5 17. Bd2 Nd4 18. Qd1 Kh8 19. Bb4 Rg8 20. c3 Nf5 21.
Re1 e4 22. Bb3 Nd6 23. c4 b5 24. Bxd6 cxd6 25. cxb5 f5 26. a4 Bxb2 27. Ra2 Be5
28. Rc2 g5 29. Qc1 Rg7 30. Qe3 g4 31. Rec1 f4 32. Qxe4 gxh3 33. Rc7 Qg4 34.
Rxg7 Qxg7 35. Bd1 hxg2 36. Qxg2 Qf6 37. Qh3 Bc3 38. Qxc3 Qxc3 39. Rxc3 Re1+ 40.
Kg2 Rxd1 41. Rc8+ Kg7 42. Rc7+ Kg6 43. Rxa7 Rxd5 44. b6 Rd3 45. Ra5 f3+ 46. Kg3
Rb3 47. Rb5 1-0

[Event "XXVII Festival Isola d'Elba A"]
[Site "Capoliveri ITA"]
[Date "2009.05.??"]
[Round "6"]
[White "Ricci, Alfredo"]
[Black "Schaberg, Wolfgang"]
[Result "1-0"]
[WhiteElo "2024"]
[BlackElo "1982"]
[PlyCount "57"]
[EventDate "2009.05.10"]

1. e4 c5 2. Nf3 Nc6 3. d4 cxd4 4. Nxd4 Nf6 5. Nxc6 bxc6 6. Bd3 g6 7. O-O Bg7 8.
Kh1 O-O 9. Nc3 d6 10. Qe1 Nd7 11. f4 Qb6 12. Rb1 Nc5 13. Be3 Nxd3 14. cxd3 Qc7
15. Qd2 e6 16. Rbc1 Rb8 17. b3 f5 18. Ne2 Qd7 19. Bd4 Bh6 20. e5 c5 21. Bb2 Bg7
22. d4 cxd4 23. Ba3 dxe5 24. fxe5 Ba6 25. Bxf8 Kxf8 26. Rfd1 Bxe5 27. Nxd4 Bb7
28. Qb4+ Kf7 29. Nf3 1-0

[Event "XXVII Festival Isola d'Elba A"]
[Site "Capoliveri ITA"]
[Date "2009.05.??"]
[Round "6"]
[White "Schiappoli, Dario"]
[Black "Guerrini, Donato"]
[Result "1-0"]
[WhiteElo "1959"]
[BlackElo "2032"]
[PlyCount "49"]
[EventDate "2009.05.10"]

1. e4 e6 2. Nf3 d5 3. e5 c5 4. b4 Qc7 5. bxc5 Bxc5 6. d4 Bb4+ 7. c3 Bxc3+ 8.
Nxc3 Qxc3+ 9. Bd2 Qc7 10. Bd3 Nc6 11. O-O Nge7 12. Qc2 Bd7 13. Bb4 Rc8 14. Bd6
Qb6 15. Qd2 Ng6 16. Rab1 Qa5 17. Qg5 Qd8 18. Qg3 Nce7 19. Rxb7 Nf5 20. Bxf5
exf5 21. Qg5 f6 22. exf6 gxf6 23. Re1+ Kf7 24. Qxf5 Rc7 25. Qxd5+ 1-0

[Event "XXVII Festival Isola d'Elba A"]
[Site "Capoliveri ITA"]
[Date "2009.05.??"]
[Round "6"]
[White "Scipioni, Gaetano"]
[Black "Mazzetta, Renato"]
[Result "1-0"]
[WhiteElo "2060"]
[BlackElo "1907"]
[PlyCount "97"]
[EventDate "2009.05.10"]

1. d4 d5 2. Nf3 Nf6 3. Bf4 Bg4 4. Ne5 Bh5 5. c4 c6 6. Qb3 Qb6 7. e3 e6 8. c5
Qxb3 9. axb3 Nbd7 10. b4 Nxe5 11. Bxe5 Nd7 12. Bg3 a6 13. b5 cxb5 14. Bxb5 Rc8
15. Bxd7+ Kxd7 16. b4 Be7 17. Nd2 Bg6 18. Nb3 Bd8 19. Kd2 Bc7 20. f4 Rhe8 21.
Rhc1 Be4 22. c6+ bxc6 23. Nc5+ Ke7 24. Bh4+ f6 25. Rxa6 Bd6 26. Ra7+ Kf8 27.
Nxe4 dxe4 28. Kc3 Re7 29. Ra6 Rb7 30. Ra4 Rcb8 31. Rb1 c5 32. Ra6 cxd4+ 33.
Kxd4 Rxb4+ 34. Rxb4 Rxb4+ 35. Kc3 Be7 36. Rxe6 Ra4 37. Rc6 Ra1 38. Kd4 Ra4+ 39.
Rc4 Rxc4+ 40. Kxc4 f5 41. Bxe7+ Kxe7 42. Kd5 Kf6 43. Kd6 g5 44. g3 g4 45. Kd5
Kf7 46. Ke5 Kg6 47. Ke6 h5 48. Ke5 h4 49. Ke6 1-0

[Event "XXVII Festival Isola d'Elba A"]
[Site "Capoliveri ITA"]
[Date "2009.05.??"]
[Round "7"]
[White "Bossoni, Mario"]
[Black "Acunzo, Domenico"]
[Result "1-0"]
[WhiteElo "1973"]
[BlackElo "1830"]
[PlyCount "67"]
[EventDate "2009.05.10"]

1. e4 e6 2. d4 d5 3. Nc3 Bb4 4. Nge2 dxe4 5. a3 Be7 6. Nxe4 Nf6 7. N2g3 Nbd7 8.
Bd3 Nxe4 9. Nxe4 Nf6 10. O-O O-O 11. c3 b6 12. Qf3 Rb8 13. Nxf6+ Bxf6 14. Bf4
Bb7 15. Qh3 g6 16. Rfe1 Qe7 17. Rad1 Rfd8 18. Bc2 Rd5 19. Qe3 Bg5 20. Be4 Bxf4
21. Qxf4 Rb5 22. Bxb7 Rxb7 23. d5 Rb8 24. dxe6 fxe6 25. Re2 Rf5 26. Qc4 Rf6 27.
Red2 Rc8 28. Rd7 Qc5 29. Qh4 Rf7 30. Rxf7 Kxf7 31. Rd7+ Ke8 32. Qxh7 Qf8 33.
Rg7 Rd8 34. Qxg6+ 1-0

[Event "XXVII Festival Isola d'Elba A"]
[Site "Capoliveri ITA"]
[Date "2009.05.??"]
[Round "7"]
[White "Cacinschi, Alexandru"]
[Black "Scipioni, Gaetano"]
[Result "1/2-1/2"]
[WhiteElo "1949"]
[BlackElo "2060"]
[PlyCount "53"]
[EventDate "2009.05.10"]

1. e4 d6 2. d4 Nf6 3. Nc3 c6 4. f3 Nbd7 5. Be3 e5 6. Nge2 Qc7 7. Qd2 b5 8. a3
Nb6 9. b3 Be7 10. Ng3 O-O 11. Be2 a6 12. O-O Be6 13. Kh1 exd4 14. Bxd4 c5 15.
Bg1 d5 16. exd5 Nbxd5 17. Nxd5 Nxd5 18. Ne4 Rad8 19. Qc1 Nf4 20. Re1 Nxe2 21.
Rxe2 c4 22. b4 Rd5 23. Bc5 Rfd8 24. Qe3 Rh5 25. h3 Bh4 26. Bb6 Qe5 27. Rb1
1/2-1/2

[Event "XXVII Festival Isola d'Elba A"]
[Site "Capoliveri ITA"]
[Date "2009.05.??"]
[Round "7"]
[White "Colombo, Paolo"]
[Black "Novelli, Cristiano"]
[Result "1-0"]
[WhiteElo "2138"]
[BlackElo "2099"]
[PlyCount "67"]
[EventDate "2009.05.10"]

1. d4 d5 2. Nf3 Nf6 3. e3 g6 4. Nbd2 Bg7 5. Be2 c5 6. O-O cxd4 7. exd4 Nc6 8.
c3 O-O 9. Re1 Qc7 10. Nf1 Bd7 11. Bd3 Bg4 12. Ne3 e5 13. Nxg4 Nxg4 14. dxe5
Ncxe5 15. Nxe5 Nxe5 16. Bf4 Rfe8 17. Bg3 Qb6 18. Re2 Nc6 19. Qe1 Rxe2 20. Qxe2
d4 21. Re1 dxc3 22. bxc3 Qc5 23. Bc4 Rf8 24. Rd1 Ne5 25. Bd5 Qxc3 26. Bxb7 Nc4
27. Bd5 Ne5 28. h3 a5 29. Bb3 h5 30. Qe4 Kh7 31. Rd5 f5 32. Qa4 h4 33. Qxh4+
Bh6 34. Bxe5 1-0

[Event "XXVII Festival Isola d'Elba A"]
[Site "Capoliveri ITA"]
[Date "2009.05.??"]
[Round "7"]
[White "Cordara, Michele"]
[Black "Codenotti, Marco"]
[Result "1/2-1/2"]
[WhiteElo "2093"]
[BlackElo "2035"]
[PlyCount "51"]
[EventDate "2009.05.10"]

1. Nf3 Nf6 2. d4 g6 3. Bf4 Bg7 4. e3 O-O 5. Be2 d6 6. h3 Nc6 7. O-O Nd7 8. c4
e5 9. dxe5 dxe5 10. Bg3 f5 11. Bh4 Qe8 12. Nc3 e4 13. Nd4 Nxd4 14. exd4 c6 15.
Re1 h6 16. Bg3 Qf7 17. Bd6 Re8 18. d5 Ne5 19. Qd2 g5 20. Rad1 Qg6 21. c5 g4 22.
hxg4 fxg4 23. Bxe5 Rxe5 24. dxc6 bxc6 25. Qd8+ Re8 26. Bc4+ 1/2-1/2

[Event "XXVII Festival Isola d'Elba A"]
[Site "Capoliveri ITA"]
[Date "2009.05.??"]
[Round "7"]
[White "Evangelisti, Claudio R."]
[Black "Schiappoli, Dario"]
[Result "1-0"]
[WhiteElo "2260"]
[BlackElo "1959"]
[PlyCount "67"]
[EventDate "2009.05.10"]

1. c4 e5 2. d3 Nf6 3. Nf3 Nc6 4. a3 d5 5. cxd5 Nxd5 6. e3 Bd6 7. Be2 g5 8. Nc3
Nxc3 9. bxc3 Qf6 10. e4 Rg8 11. Be3 Be6 12. Rb1 g4 13. Nd2 b6 14. d4 Bd7 15.
Nc4 Be7 16. a4 Rd8 17. O-O h5 18. f4 exd4 19. cxd4 g3 20. hxg3 Rxg3 21. Rf3 Rg8
22. d5 Bg4 23. Rg3 Qh4 24. Qe1 Nb4 25. Rc1 f6 26. d6 Rxd6 27. Bf2 Qxg3 28. Bxg3
Rd7 29. Rc3 c5 30. Kh2 Nc6 31. e5 Nd4 32. Bxg4 Rxg4 33. exf6 Kf8 34. Ne5 1-0